00283 a2200121 4500001000700000020001800007040003500025100002300060240003200083245003000115300000700145362000900152157422 a85-325-1016-7 cEscola São Tomás de Aquino aLISPECTOR, Clarice10aComo nasceram as estrelasl10aComo nasceram as estrelas a530 a1999